000 00604nam a2200229 a 4500
999 _c10514
_d10514
001 10514
003 BD-JhCC
005 20180430184104.0
008 180430s1964 nbu |||| |||| 000 0 eng d
035 _a(BD-JhCC)10514
040 _aBD-JhCC
_dBD-JhCC
041 _aeng
082 _a823.8
_bCUR 1964
100 _aCurto, Josephine J.
245 _aHard Times :
_bNotes /
_cJosephine J. Curto
260 _aLincoln :
_bCliff's Notes,
_c1964.
300 _a45 P. :
_c21 cm.
600 _aHard times (Dickens, Charles)
650 _aMarried people in literature
942 _2ddc
_cBK